000
00432nam a22001097a 4500
082
_a
370
100
_a
सिंह , सुशील
_9
59457
245
_a
प्राथमिक शिक्षक पात्रता परिक्षा वाल विकास एवं शिक्षा शास्त्र
260
_a
Delhi
_b
Arihant
_c
2024
650
_a
शिक्षा शस्त्र
_9
83036
942
_c
HIN
999
_c
67795
_d
67795